00374 a2200121 450000100060000004000240000624000370003024500350006765000240010294200070012695201020013399900170023568539 cAnchieta - Itaigara10aO problema da centopeia Zilál10aO problema da centopeia Zilá 4aLiteratura infantil cMU 00104070a88.1b88.1d2023-11-21l0oLI 028.5 PROp67/ITAr2023-11-21 20:02:47w2023-11-21yMU c68539d68539